Statistics for Highest grossing movie actors and actresses

Click here to take the quiz!

General Stats

  • This quiz has been taken 1,338 times
  • The average score is 19 of 50

Answer Stats

Total Movie Gross Actor/Actress % Correct
$3,110,600,000Tom Cruise
78%
$4,045,500,000Tom Hanks
76%
$2,296,500,000Helena Bonham Carter
66%
$3,555,800,000Harrison Ford
64%
$2,952,900,000Morgan Freeman
64%
$2,455,600,000Emma Watson
61%
$2,624,700,000Robert De Niro
59%
$2,740,700,000Bruce Willis
57%
$3,026,600,000Robin Williams
55%
$2,977,000,000Johnny Depp
53%
$2,805,000,000Cameron Diaz
53%
$2,371,100,000Michael Caine
52%
$2,568,800,000Robert Downey, Jr.
51%
$3,412,300,000Samuel L. Jackson
47%
$2,544,000,000Matt Damon
46%
$2,081,600,000Ralph Fiennes
45%
$1,965,700,000Denzel Washington
43%
$2,527,000,000Ben Stiller
41%
$2,06,500,000Mel Gibson
41%
$2,685,300,000Will Smith
41%
$2,164,100,000Kathy Bates
40%
$2,603,300,000Julia Roberts
40%
$3,810,400,000Eddie Murphy
39%
$2,115,700,000Liam Neeson
39%
$1,795,200,000Jack Nicholson
38%
$2,172,400,000Sigourney Weaver
37%
$2,444,500,000Daniel Radcliffe
37%
$1,999,400,000Shia LaBeouf
37%
$2,277,900,000Stellan SkarsgÄrd
36%
$2,187,900,000Brad Pitt
35%
$2,012,100,000Ian McKellen
32%
$2,265,500,000Gary Oldman
32%
$1,910,200,000Leonardo DiCaprio
31%
$2,211,400,000Mike Myers
30%
$2,131,700,000Dustin Hoffman
30%
$2,390,400,000Rupert Grint
30%
$2,407,700,000Jim Carrey
29%
$2,191,600,000Tommy Lee Jones
28%
$2,205,200,000Nicolas Cage
27%
$2,351,300,000John Travolta
26%
$1,821,500,000Alec Baldwin
21%
$2,264.500.000Owen Wilson
20%
$2,075,800,000Adam Sandler
18%
$1,858,700,000Elijah Wood
16%
$1,854,200,000Natalie Portman
15%
$2,302,300,000Orlando Bloom
12%
$1,825,800,000Danny Devito
11%
$1,949,700,000Ewan McGregor
10%
$1,958,100,000Jon Voight
9%
$2,159.900,000Antonio Banderas
9%

Score Distribution

Percentile by Number Answered

Percent of People with Each Score

Your Score History

You have not taken this quiz